Pays de l'espace Schengen - Statistiques

Statistiques générales
  • Ce quiz a été pris 55 fois
  • Le résultat moyen est 30 sur 34
Statistiques - réponses
Etat du pays Pays % Correct
Membre France
100%
Membre Espagne
98%
Membre Finlande
95%
Membre Italie
95%
Membre Portugal
95%
Membre Autriche
93%
Membre Hongrie
93%
Membre Luxembourg
93%
Membre Pologne
93%
Membre Slovénie
93%
Membre Suede
93%
Membre Suisse
93%
Membre Belgique
90%
Membre Danemark
90%
Membre Estonie
90%
Membre Lituanie
90%
Membre Norvège
90%
Membre Roumanie
90%
Membre Allemagne
88%
Membre Bulgarie
88%
Membre Islande
88%
Membre Lettonie
88%
Membre Pays bas
88%
Membre Slovaquie
88%
Membre Croatie
85%
Membre Grece
83%
Membre Liechtenstein
83%
Membre Malte
80%
Frontières ouverte Vatican
80%
Futur membre Chypre
78%
Frontières ouverte St marin
78%
Membre Tchéquie
78%
Frontières ouverte Andorre
76%
Frontières ouverte Monaco
71%
Aucun quiz correspondant
Distribution des résultats
% des personnes avec chaque résultat
Percentile par nombre de réponses
Votre historique - résultats
Vous n’avez pas pris ce quiz